<?xml version="1.0" encoding="UTF-8"?>
<collection xmlns:xsi="http://www.w3.org/2001/XMLSchema-instance" xsi:schemaLocation="http://www.loc.gov/MARC21/slim http://www.loc.gov/standards/marcxml/schema/MARC21slim.xsd" xmlns="http://www.loc.gov/MARC21/slim">
 <record>
  <leader>00000nmm a2200000 i 4500</leader>
  <controlfield tag="001">UP-99849408841422312</controlfield>
  <controlfield tag="003">Buklod</controlfield>
  <controlfield tag="005">20250310141906.0</controlfield>
  <controlfield tag="006">m    go  u        </controlfield>
  <controlfield tag="007">ta</controlfield>
  <controlfield tag="008">250310t2021    ph     go  u        eng d</controlfield>
  <datafield tag="020" ind1=" " ind2=" ">
   <subfield code="a">9789292691868 (ebook)</subfield>
  </datafield>
  <datafield tag="040" ind1=" " ind2=" ">
   <subfield code="a">DECON</subfield>
   <subfield code="e">rda</subfield>
  </datafield>
  <datafield tag="041" ind1=" " ind2=" ">
   <subfield code="a">eng</subfield>
  </datafield>
  <datafield tag="084" ind1=" " ind2=" ">
   <subfield code="a">HG 187 A2</subfield>
   <subfield code="b">A85 2021eb</subfield>
  </datafield>
  <datafield tag="110" ind1="1" ind2=" ">
   <subfield code="a">Asian Development Bank</subfield>
  </datafield>
  <datafield tag="245" ind1="1" ind2="0">
   <subfield code="a">Reflections on 30 years of the Asian Development Bank administrative tribunal</subfield>
   <subfield code="c">Asian Development Bank.</subfield>
  </datafield>
  <datafield tag="264" ind1=" " ind2="0">
   <subfield code="a">Manila, Philippines</subfield>
   <subfield code="b">Asian Development Bank</subfield>
   <subfield code="c">2021</subfield>
  </datafield>
  <datafield tag="300" ind1=" " ind2=" ">
   <subfield code="a">1 online resource (120 pages)</subfield>
   <subfield code="b">illustrations</subfield>
  </datafield>
  <datafield tag="505" ind1="0" ind2="0">
   <subfield code="a">Message from Judge Shin‑ichi Ago - - Message from Judge Arnold Zack - - Message from Judge Lakshmi Swaminathan - - Reflections on the 30 Years of Operation of the ADB Administrative Tribunal - - Appendixes.</subfield>
  </datafield>
  <datafield tag="650" ind1="1" ind2="0">
   <subfield code="a">Asian Development Bank.</subfield>
  </datafield>
  <datafield tag="650" ind1=" " ind2="0">
   <subfield code="a">Economic development.</subfield>
  </datafield>
  <datafield tag="856" ind1="4" ind2="0">
   <subfield code="u">https://www.adb.org/publications/reflections-30-years-adb-administrative-tribunal</subfield>
   <subfield code="y">Open Access Electronic Books from ADB</subfield>
  </datafield>
  <datafield tag="905" ind1=" " ind2=" ">
   <subfield code="a">FI</subfield>
  </datafield>
  <datafield tag="852" ind1="0" ind2=" ">
   <subfield code="a">UPD</subfield>
   <subfield code="b">DECON</subfield>
  </datafield>
  <datafield tag="942" ind1=" " ind2=" ">
   <subfield code="a">Electronic Resource</subfield>
  </datafield>
 </record>
</collection>
